[Event "Florianopolis op 9th"]
[Site "Florianopolis"]
[Date "2023.01.24"]
[Round "2"]
[White "Dauer, Andre Leonardo"]
[Black "Colaco, Willian Wagner Soar"]
[Result "1-0"]
[WhiteElo "1990"]
[BlackElo "1681"]
[PlyCount "31"]
[EventDate "2023.01.23"]
[EventType "swiss"]
[EventRounds "10"]
[EventCountry "BRA"]
[SourceTitle "CBM 212 Extra"]
[Source "ChessBase"]
[SourceDate "2023.03.31"]
[SourceVersion "1"]
[SourceVersionDate "2023.03.31"]
[SourceQuality "1"]

1. e4 e6 2. b3 d5 3. Bb2 d4 4. f4 c5 5. g3 Nc6 6. Nf3 f6 7. Bg2 Bd6 8. 0-0 Nge7 9. e5 fxe5 10. fxe5 Nxe5 11. Nxe5 Bxe5 12. Qh5+ Ng6 13. Be4 Kd7 14. Bxg6 Bxg3 15. hxg3 hxg6 16. Qxc5 1-0

[Event "Timbo op"]
[Site "Timbo"]
[Date "2021.06.11"]
[Round "1"]
[White "Colaco, Willian Wagner Soar"]
[Black "Purim, Kaiane"]
[Result "1-0"]
[WhiteElo "1675"]
[BlackElo "1085"]
[PlyCount "121"]
[EventDate "2021.06.11"]
[EventType "swiss"]
[EventRounds "6"]
[EventCountry "BRA"]
[SourceTitle "EXT 2022"]
[Source "ChessBase"]
[SourceDate "2021.10.06"]
[SourceVersion "1"]
[SourceVersionDate "2021.10.06"]
[SourceQuality "1"]

1. d4 Nf6 2. Nf3 g6 3. Bg5 Bg7 4. Nbd2 d5 5. e3 b6 6. c4 e6 7. Ne5 Bb7 8. f4 Qd6 9. a3 c5 10. Bxf6 Bxf6 11. cxd5 exd5 12. Ndf3 0-0 13. Be2 Nc6 14. g4 Rfe8 15. Bb5 a6 16. Bxc6 Bxc6 17. Kf2 Bd7 18. Rc1 Rac8 19. b4 c4 20. h4 Bxe5 21. dxe5 Qe7 22. Qxd5 Bxg4 23. Nd4 b5 24. Rcg1 Bd7 25. h5 Be6 26. Qf3 Qd7 27. hxg6 fxg6 28. Rh6 Qf7 29. f5 Bxf5 30. Qxf5 Qxf5+ 31. Nxf5 Rxe5 32. Nd4 Kg7 33. Rgh1 Rh5 34. R1xh5 gxh5 35. Nf5+ Kh8 36. Ke2 Rf8 37. Rxh5 Rf6 38. Nd4 Kg7 39. Nxb5 axb5 40. Rxb5 Rg6 41. Rc5 Rg4 42. b5 Rg2+ 43. Kf3 Ra2 44. Rxc4 Rxa3 45. Rb4 Ra8 46. b6 Rb8 47. Ke4 Kg6 48. Kd5 Kg5 49. Kc6 h5 50. b7 h4 51. Kc7 Re8 52. b8Q Rxb8 53. Rxb8 Kg4 54. e4 Kf4 55. Rh8 Kg3 56. e5 h3 57. e6 Kg2 58. e7 h2 59. e8Q h1Q 60. Qg6+ Kf2 61. Rxh1 1-0

[Event "Sao Bento do Sul op 05"]
[Site "Sao Bento do Sul"]
[Date "2021.05.08"]
[Round "3"]
[White "Colaco, Willian Wagner Soar"]
[Black "Almeida Junior, Alvaro Alves de"]
[Result "0-1"]
[WhiteElo "1664"]
[BlackElo "2134"]
[PlyCount "68"]
[EventDate "2021.05.07"]
[EventType "swiss"]
[EventRounds "6"]
[EventCountry "BRA"]
[SourceTitle "EXT 2022"]
[Source "ChessBase"]
[SourceDate "2021.10.06"]
[SourceVersion "1"]
[SourceVersionDate "2021.10.06"]
[SourceQuality "1"]

1. d4 Nf6 2. Nf3 d5 3. Bg5 Ne4 4. Bh4 c5 5. c3 Qb6 6. Qb3 c4 7. Qc2 Bf5 8. Nbd2 Ng3 9. e4 Nxe4 10. Qc1 e6 11. Be2 Bd6 12. 0-0 Qc7 13. Bg3 0-0 14. Nh4 Nxg3 15. fxg3 Bg6 16. Nxg6 hxg6 17. Qc2 Nd7 18. Bf3 b5 19. a3 a5 20. b3 cxb3 21. Qxb3 Rab8 22. a4 Rfc8 23. Rfc1 b4 24. c4 dxc4 25. Rxc4 Qa7 26. Rac1 Rxc4 27. Rxc4 Ne5 28. Rc2 Qxd4+ 29. Kf1 Bc5 30. Ne4 Nxf3 31. gxf3 Qg1+ 32. Ke2 Bb6 33. Qd3 Rd8 34. Nd6 Bc5 0-1

[Event "Florianopolis op 7th"]
[Site "Florianopolis"]
[Date "2021.01.21"]
[Round "5"]
[White "Colaco, Willian Wagner Soar"]
[Black "Hille, Willian Henrique"]
[Result "0-1"]
[WhiteElo "1616"]
[BlackElo "1984"]
[PlyCount "47"]
[EventDate "2021.01.18"]
[EventType "swiss"]
[EventRounds "10"]
[EventCountry "BRA"]
[SourceTitle "CBM 200 Extra"]
[Source "ChessBase"]
[SourceDate "2021.03.31"]
[SourceVersion "1"]
[SourceVersionDate "2021.03.31"]
[SourceQuality "1"]

1. d4 f5 2. Nf3 Nf6 3. h3 d6 4. Bf4 h6 5. e3 g5 6. Bh2 Bg7 7. Bd3 0-0 8. Nc3 e6 9. Qd2 b6 10. e4 d5 11. exf5 exf5 12. Be5 c6 13. Nxg5 hxg5 14. Qxg5 Nbd7 15. Bxf5 Nxe5 16. dxe5 Bxf5 17. Qxf5 Qd7 18. Qg6 Qe8 19. Qxe8 Raxe8 20. f4 Nh5 21. 0-0 Nxf4 22. Rae1 Rxe5 23. Rxe5 Bxe5 24. Nd1 0-1

[Event "Florianopolis op 6th"]
[Site "Florianopolis"]
[Date "2020.01.25"]
[Round "9"]
[White "Colaco, Willian Wagner Soar"]
[Black "Reis, Caio Jose De Carval"]
[Result "1-0"]
[WhiteElo "1606"]
[BlackElo "1372"]
[PlyCount "107"]
[EventDate "2020.01.20"]
[EventType "swiss"]
[EventRounds "10"]
[EventCountry "BRA"]
[SourceTitle "CBM 194 Extra"]
[Source "ChessBase"]
[SourceDate "2020.03.31"]
[SourceVersion "1"]
[SourceVersionDate "2020.03.31"]
[SourceQuality "1"]

1. d4 Nf6 2. Nf3 d5 3. Bg5 e6 4. e3 Nbd7 5. Bd3 c5 6. c3 Be7 7. Nbd2 b6 8. 0-0 Bb7 9. Qe2 h6 10. Bh4 g5 11. Bg3 Nh5 12. Bb5 f6 13. Qd3 Rg8 14. Qh7 Kf8 15. Qxh6+ Ng7 16. h4 g4 17. Nh2 f5 18. f3 Kf7 19. fxg4 Rh8 20. Qf4 Bxh4 21. Bxh4 Rxh4 22. g3 Rh7 23. gxf5 exf5 24. Ng4 Kf8 25. Qd6+ Kg8 26. Qxd7 Qxd7 27. Nf6+ Kf7 28. Nxd7 Rah8 29. Ne5+ Kf6 30. Ndf3 Nh5 31. Kf2 Bc8 32. Bd3 Rg7 33. Rg1 Rhg8 34. Rg2 Nxg3 35. Rh2 Ne4+ 36. Bxe4 fxe4 37. Nh4 Ke6 38. Rf1 Ba6 39. Rfh1 Rf8+ 40. Ke1 Rfg8 41. Nhg6 Rxg6 42. Nxg6 Rxg6 43. Rh6 Kf5 44. R1h5+ Kf6 45. Rxg6+ Kxg6 46. Rxd5 Bd3 47. Rd7 Kg5 48. dxc5 bxc5 49. Rd5+ Kg4 50. Rxc5 Kf3 51. Kd2 a6 52. Rf5+ Kg4 53. Rf4+ Kg3 54. b3 1-0

[Event "Caioba Copel op 5th"]
[Site "Caioba"]
[Date "2019.09.17"]
[Round "4"]
[White "Colaco, Willian Wagner Soar"]
[Black "Ferraz, Dimitri Vinicius da"]
[Result "1-0"]
[WhiteElo "1565"]
[BlackElo "1336"]
[PlyCount "75"]
[EventDate "2019.08.15"]
[EventType "swiss"]
[EventRounds "6"]
[EventCountry "BRA"]
[SourceTitle "EXT 2020"]
[Source "ChessBase"]
[SourceDate "2019.10.17"]
[SourceVersion "1"]
[SourceVersionDate "2019.10.17"]
[SourceQuality "1"]

1. a3 d5 2. Nf3 e6 3. d4 Nf6 4. Bg5 Be7 5. e3 0-0 6. Bd3 Nbd7 7. Nbd2 b6 8. 0-0 Bb7 9. Re1 c5 10. c3 c4 11. Bc2 a5 12. b4 b5 13. h3 axb4 14. axb4 Qb6 15. Qe2 Ra7 16. Reb1 Rfa8 17. Qd1 Ra6 18. Ne5 Bc8 19. f4 Qa7 20. Rxa6 Qxa6 21. Ndf3 Qa3 22. Qd2 Nb6 23. Nc6 Bf8 24. Nfe5 Qa2 25. Na5 Na4 26. Bxh7+ Nxh7 27. Qxa2 Nxc3 28. Qb2 Nxb1 29. Qxb1 Ba6 30. Bh4 Rc8 31. Nac6 Bb7 32. Be7 Bxc6 33. Bxf8 Nxf8 34. f5 Bb7 35. Qf1 f6 36. fxe6 fxe5 37. Qf7+ Kh8 38. e7 1-0

[Event "Caioba Copel op 5th"]
[Site "Caioba"]
[Date "2019.08.16"]
[Round "2"]
[White "Colaco, Willian Wagner Soar"]
[Black "Calcada, Henrique Galvan"]
[Result "1-0"]
[WhiteElo "1565"]
[BlackElo "1289"]
[PlyCount "135"]
[EventDate "2019.08.15"]
[EventType "swiss"]
[EventRounds "6"]
[EventCountry "BRA"]
[SourceTitle "EXT 2020"]
[Source "ChessBase"]
[SourceDate "2019.10.17"]
[SourceVersion "1"]
[SourceVersionDate "2019.10.17"]
[SourceQuality "1"]

1. d4 Nf6 2. Nf3 g6 3. Bg5 Ne4 4. Bh4 Bg7 5. e3 c5 6. c3 Qb6 7. Qb3 Nc6 8. Bd3 Nf6 9. Nbd2 Na5 10. Qxb6 axb6 11. Bg3 d6 12. b4 Nc6 13. 0-0 cxb4 14. cxb4 Nxb4 15. Bb5+ Nc6 16. Rfc1 Bd7 17. Nc4 Nd5 18. a4 Nc7 19. Nxb6 Ra5 20. Rab1 Nxb5 21. axb5 Na7 22. Rc7 Bf5 23. Rbc1 Rxb5 24. Rxb7 Nc8 25. Rb8 Rxb6 26. Rcxc8+ Bxc8 27. Rxb6 Kd7 28. h3 Kc7 29. Rb1 Bd7 30. Rc1+ Kb6 31. Rb1+ Kc6 32. Rc1+ Kb6 33. Ng5 h6 34. Nxf7 Rf8 35. Nxd6 exd6 36. Bxd6 Rf6 37. Bc5+ Kb7 38. e4 Rf4 39. f3 Ka6 40. Ra1+ Kb5 41. Ra7 Kc6 42. Ra6+ Kb7 43. Rxg6 Rf7 44. Kf2 Be8 45. Rb6+ Kc7 46. Ra6 Kb7 47. Ra7+ Kb8 48. Rxf7 Bxf7 49. Bd6+ Kb7 50. d5 Kc8 51. f4 Kd7 52. Be5 Bf8 53. g4 Bd6 54. Bxd6 Kxd6 55. Ke3 h5 56. Kd4 hxg4 57. hxg4 Bg6 58. e5+ Ke7 59. d6+ Kd7 60. f5 Bf7 61. Kc5 Be8 62. e6+ Kd8 63. g5 Ba4 64. g6 Bc2 65. g7 Kc8 66. g8Q+ Kb7 67. Qg2+ Kc8 68. Qa8# 1-0

[Event "Florianopolis op 5th"]
[Site "Florianopolis"]
[Date "2019.01.25"]
[Round "7"]
[White "Borba da Rosa, Rodrigo"]
[Black "Colaco, Willian Wagner Soar"]
[Result "0-1"]
[WhiteElo "1249"]
[BlackElo "1561"]
[PlyCount "88"]
[EventDate "2019.01.21"]
[EventType "swiss"]
[EventRounds "10"]
[EventCountry "BRA"]
[SourceTitle "CBM 188 Extra"]
[Source "ChessBase"]
[SourceDate "2019.02.26"]
[SourceVersion "1"]
[SourceVersionDate "2019.02.26"]
[SourceQuality "1"]

1. d4 d5 2. c4 c6 3. Nf3 Nf6 4. Nc3 e6 5. Bg5 Nbd7 6. c5 Be7 7. e3 h6 8. Bh4 b6 9. b4 a5 10. a3 Nh5 11. Bg3 Nxg3 12. hxg3 Bf6 13. Bd3 bxc5 14. bxc5 Nxc5 15. 0-0 Nxd3 16. Qxd3 Ba6 17. Qc2 Bxf1 18. Kxf1 0-0 19. Rc1 Qd6 20. Na4 Qxa3 21. Nc5 Be7 22. Nd3 a4 23. Nfe5 Rfc8 24. Nd7 Rc7 25. N3c5 Rd8 26. Nb6 Bxc5 27. dxc5 Qb3 28. Qxb3 axb3 29. Rb1 Ra7 30. Rxb3 Ra2 31. Rc3 f6 32. f4 Kf7 33. Rc1 Rb8 34. e4 Rb7 35. Nc8 Rbb2 36. f5 Rf2+ 37. Kg1 Rxg2+ 38. Kh1 Rh2+ 39. Kg1 Rag2+ 40. Kf1 Rc2 41. fxe6+ Kxe6 42. exd5+ Kxd5 43. Nb6+ Kxc5 44. Nd7+ Kd4 0-1

[Event "Sao Bento do Sul op 10"]
[Site "Sao Bento do Sul"]
[Date "2018.10.21"]
[Round "7"]
[White "Deus Filho, Joaquim"]
[Black "Colaco, Willian Wagner Soar"]
[Result "1-0"]
[WhiteElo "1908"]
[BlackElo "1535"]
[PlyCount "60"]
[EventDate "2018.10.19"]
[EventType "swiss"]
[EventRounds "7"]
[EventCountry "BRA"]
[SourceTitle "EXT 2021"]
[Source "ChessBase"]
[SourceDate "2020.10.23"]
[SourceVersion "1"]
[SourceVersionDate "2020.10.23"]
[SourceQuality "1"]

1. b3 d5 2. e3 Nf6 3. Bb2 Bf5 4. f4 e6 5. Nf3 h6 6. d3 Bc5 7. Qe2 Nbd7 8. Nc3 Qe7 9. Nb5 Nb6 10. Ne5 h5 11. a3 a6 12. Nd4 Bxd4 13. Bxd4 c5 14. Bb2 Nbd7 15. h3 Nxe5 16. Bxe5 b5 17. g3 Rc8 18. Bg2 c4 19. 0-0 0-0 20. b4 Bg6 21. Bf3 Nd7 22. Bd4 f6 23. Rac1 Qf7 24. Kh2 e5 25. fxe5 Nxe5 26. Bxe5 fxe5 27. Bg4 cxd3 28. cxd3 Rxc1 29. Rxf7 Bxf7 30. Qb2 Rfc8 1-0

[Event "Sao Bento do Sul op 10"]
[Site "Sao Bento do Sul"]
[Date "2018.10.20"]
[Round "4"]
[White "Colaco, Willian Wagner Soar"]
[Black "Ferreira, Rodrigo Maycon Mira"]
[Result "0-1"]
[WhiteElo "1535"]
[BlackElo "1826"]
[PlyCount "72"]
[EventDate "2018.10.19"]
[EventType "swiss"]
[EventRounds "7"]
[EventCountry "BRA"]
[SourceTitle "EXT 2021"]
[Source "ChessBase"]
[SourceDate "2020.10.23"]
[SourceVersion "1"]
[SourceVersionDate "2020.10.23"]
[SourceQuality "1"]

1. d4 Nf6 2. Nf3 e6 3. Bg5 Be7 4. e3 h6 5. Bh4 c5 6. c3 Qb6 7. Qb3 d6 8. Nbd2 Nbd7 9. Be2 Qc7 10. h3 a6 11. a4 b6 12. Bg3 Bb7 13. 0-0 0-0 14. Rfc1 Ne4 15. Nxe4 Bxe4 16. Nd2 Bg6 17. f3 Qd8 18. e4 cxd4 19. cxd4 e5 20. d5 Nc5 21. Qd1 Bg5 22. Rc3 b5 23. axb5 axb5 24. Rxa8 Qxa8 25. Bxb5 Qb7 26. Bc6 Qxb2 27. Rc2 Be3+ 28. Bf2 Bxf2+ 29. Kxf2 Qd4+ 30. Kg3 f5 31. exf5 Qf4+ 32. Kf2 Nd3+ 33. Ke2 Bxf5 34. Ra2 Qg3 35. Qg1 Nf4+ 36. Kf1 Bd3# 0-1